Регионална библиотека "Любен Каравелов" - Русе

Леки етюди за цигулка (Запис номер 320135)

MARC детайли
000 -Лидер
Контролно поле с фиксирана дължина 01337ncm a2200349 c 4500
003 - Код на организацията, давaща контролен номер
Контролно поле BLK
005 - Дата и час на последна редакция
Контролно поле 20250128005551.0
008 - Елементи от данни с фиксирана дължина
fixed length control field 180414b bul |a|er|||| |0| c|bulo|
010 ## - Наследен системен номер
LC control number NOT00003623000
040 ## - Източник на каталожния запис
Идентификатор на билиотеката - собственик на записа BLK
041 ## - Код за език
Код за езика на текст/звукозапис или на отделно заглавие Български
Код за езика КДБФ Български
080 ## - УДК
Текстов определител УДК Цигулка. Учебна литература. Гами, етюди, технически упр.
УДК код - определител по УДК 787.1.087.5
УДК определител
УДК - код + определител 787.1.087.5
100 ## - Редна дума - Автор
Автор Зидаров, Константин Николов, 1909-2004
R(LIN) 389221
139 ## - Редно поле
Редна дума Зидаров, Константин Николов
Авторски знак Зид - З 61
245 10 - Сведения за заглавието
Заглавие Леки етюди за цигулка
Подзаглавни данни І-ІІІ-ІІ позиция: Тетр. І -
Редно поле (дума) Константин Николов Зидаров.
Том Тетр. 2
254 ## - Сведения за формата на нотното издание
Формат на описваните ноти Клавир
257 ## - Страна на издаване
Страна на създаване/издаване България
260 ## - Област на издателските данни
-- София
Име на издателя, разпространителя и проч. Музика
Година на издаване 1982 -
300 ## - Физическа характеристика
Размери/Мащаб 33 см
380 ## - Жанр
Жанр Изкуство
650 #0 - Допълнително описание по предмет – тема
Основно описание – тема или топоним Цигулка - гами, етюди
9 (RLIN) 281152
653 ## - Ключова дума – ненормативна
Ключова дума цигулка
653 ## - Ключова дума – ненормативна
Ключова дума етюди
653 ## - Ключова дума – ненормативна
Ключова дума позиция
760 1# - Описание на основната серия
Редна дума на основното описание Зидаров, Константин Николов
Поясняваща информация 36 с.
Място на издаване, издател и година 1983
Страници - том 36 с.
Заглавие Тетр. 2
852 ## - Местоположение
Форматна сигнатура Цб М ІІ 8553
Част 0
856 4# - Електронен адрес и достъп
Електронен формат pdf - файл
Път до файла /url/
856 4# - Електронен адрес и достъп
Електронен формат pdf - файл
Път до файла /url/
942 ## - АРТИКУЛИ
Вид на библиотечния материал Нотни издания
Скрит в OPAC Не
944 ## - СЪЗДАВАНЕ И РЕДАКЦИЯ на ЗАПИСА
Създаване/Редакция Създаване
Дата на регистрацията/редакция 12.04.2016
Служител, извършил регистрацията/редакцията
Статус, дата на статуса CRON CRON
944 ## - СЪЗДАВАНЕ И РЕДАКЦИЯ на ЗАПИСА
Създаване/Редакция Редакция
Дата на регистрацията/редакция 12.04.2016
Служител, извършил регистрацията/редакцията Камелия_Данева
999 ## - СИСТЕМНИ КОНТРОЛНИ НОМЕРА
Koha biblionumber 320135
Koha biblioitemnumber 320135
Наличности
Код за отписване Код за изгубен артикул Източник на класификационната схема Код за повреда Коз за рестрикции Код за отдаване Артикулен № Име на библиотеката - собственик Име на библиотеката, в която се намира в момента Статус (Текущо местоположение) Дата на вписване в системата Местоположение - отдел Цена в лева Инвентарен номер Систематично азбучна сигнатура Баркод Номер на екземпляра Цена в евро Служебна бележка Служебен тип на артикула
  Не е изгубен Universal Decimal Classification Не е повреден без рестрикции ползва се в читалня 673300 Регионална библиотека "Любен Каравелов" Русе Регионална библиотека "Любен Каравелов" Русе Хранилище 1983-01-01 Хранилище 0.98 379503 Цб М ІІ 8553 900000019884 1 0.50 Дост: Pk Вид: Ф N: стар фонд Дата: 01.01.1983 Бележки инв: Камелия_Да Съставил: Камелия_Данева Нотни издания
  Не е изгубен Universal Decimal Classification Не е повреден без рестрикции заемане за дома 673301 Регионална библиотека "Любен Каравелов" Русе Регионална библиотека "Любен Каравелов" Русе Отдел Изкуство - подръчен фонд 1983-01-01 Отдел Изкуство - подръчен фонд 0.98 376101 787.1/З 61 К 120000376101 2 0.50 Дост: Pk Вид: Ф N: стар фонд Дата: 01.01.1983 Бележки инв: Камелия_Да Съставил: Камелия_Данева Нотни издания
  Не е изгубен Universal Decimal Classification Не е повреден без рестрикции заемане за дома 673302 Регионална библиотека "Любен Каравелов" Русе Регионална библиотека "Любен Каравелов" Русе Отдел Изкуство - подръчен фонд 1983-01-01 Отдел Изкуство - подръчен фонд 0.98 375770 787.1/З 61 К 120000375770 3 0.50 Дост: Pk Вид: Ф N: стар фонд Дата: 01.01.1983 Бележки инв: Камелия_Да Съставил: Камелия_Данева Нотни издания
Vip Innovations Ltd, Rousse, Bulgaria 2025